01488nam a2200241Ia 4500952010700000952009600107999001700203008004100220020001500261050001500276100003800291245010300329250001800432260004200450300003400492490004200526500008900568505044800657519004701105650004901152700003801201942000701239 00102lcc4070a22b22d2007-01-08l5oHD38 R63p11 002867r2023-07-16s2014-12-03t1w2012-06-26yLB 00102lcc4070a22b22d2015-09-17l0oHD38 R63 p11 012704r2023-07-16t2w2015-09-17yLB c70011d70011120626s1988 mx 000 0 spa d a9684264674 aHD38 bR63 aRodríguez Estrada, Mauroeautor aManejo de problemas y toma de decisionesc/ Mauro, Rodríguez Estrada; Mateo, Márquez Alegría a2a. edición aMéxicob: El Manual Modernoc, 1988 a98 páginasb: ilustraciones aSerie de capacitación integralv: 8 aIncluye: Contenido, Introducción, Apéndice, Bibliografía, Material audiovisual aTrascendencia de las decisiones Naturaleza de la decisión El proceso decisional: Sus fases y etapas Tipos de decisión Decisiones y valores: Valores y criterios Decisión y ambiente Modelos matemáticos para la toma de decisiones La información en la toma de decisiones Las decisiones en contexto institucional La toma de decisiones a través de la cibernética Condicionamiento subjetivo de la toma de decisiones  aMaterial Complementario/ d(11 012704)  0aTOMA DE DECISIONES xGUÍAS, MANUALES, ETC. aMárquez Alegría, Mateoeautor cLB